000 00623cam a22002053a 4500
001 39109
003 PGUSA
005 20140828083851.0
008 120311s2012||||xxu|||||s|||||000 | eng d
040 _aPGUSA
_beng
042 _adc
100 1 _aSpears, John R.
245 1 4 _aThe Gold Diggings of Cape Horn :
_bA Study of Life in Tierra del Fuego and Patagonia
_h[electronic resource] /
_cJohn R. Spears
260 _bProject Gutenberg,
_c2012
506 _aPublic domain in the USA.
516 _aElectronic text
830 0 _aProject Gutenberg
_v39109
856 4 0 _uhttp://www.gutenberg.org/ebooks/39109
942 _cEB
999 _c268362
_d268362